| 000 | 00542nam a2200169Ia 4500 | ||
|---|---|---|---|
| 008 | 150223s9999 xx 000 0 und d | ||
| 020 | _a9788183568388 | ||
| 050 |
_aRA 1057 _b.IQ64 2011 |
||
| 100 | _aIqbal, Syed Aftab. | ||
| 245 | _aTextbook of forensic chemistry / | ||
| 260 |
_aNew Delhi : _bDiscovery Publishing House Pvt. Ltd., _c2011 |
||
| 300 |
_a310 pages : _c22 cm. |
||
| 504 | _aIncludes Index. | ||
| 650 | _aCapillary electrophoresis. | ||
| 650 |
_aComputer forensics _xData recovery. |
||
| 650 |
_aCryptanalysis _xDNA profiling. |
||
| 999 |
_c283247 _d283247 |
||